| 000 -ლიდერი |
| ფიქსირებული სიგრძის საკონტროლო ველი |
01319nam a22002537a 4500 |
| 003 - საკონტროლო ნომრის იდენტიფიკატორი |
| საკონტროლო ველი |
Ge_BSU |
| 005 - ბოლო ოპერაციის თარიღი და დრო |
| საკონტროლო ველი |
20220630120100.0 |
| 008 - ფიქსირებული სიგრძის მონაცემთა ელემენტები - ზოგადი ინფორმაცია |
| ფიქსირებული სიგრძის საკონტროლო ველი |
220630s2009ge xxu||||| |||| 00| 0 geo d |
| 020 ## - წიგნის საერთაშორისო სტანდარტული ნომერი |
| International Standard Book Number |
9789941144806 |
| 041 ## - ენის კოდი |
| Language code of text/sound track or separate title |
geo |
| 080 ## - უნივერსალური ათობითი კლასიფიკაციის ინდექსი |
| Universal Decimal Classification number |
620.1:539.3(075.8) დ-19 |
| 100 ## - მთავარი ჩანაწერი - პიროვნების სახელი |
| Personal name |
დანელია, დ. |
| 9 (RLIN) |
14246 |
| 245 ## - ცნობა სათაურის შესახებ |
| Title |
მასალათა გამძლეობის საფუძვლები : |
| Remainder of title |
[სახელმძღვ. სტუ-ს სამშენებლო ფაკ. სტუდ.] / |
| Statement of responsibility, etc |
დ. დანელია, ა. კვარაცხელია, ზ. მაძაღუა . |
| 264 ## - წარმოების, გამოცემის, დისტრიბუციის და სხვა ცნობები |
| გამოცემის, წარმოების, დისტრიბუციის... ადგილი |
თბილისი: |
| გამოცემის, წარმოების, დისტრიბუციის... სახელწოდება |
ტექნ. უნ-ტი, |
| გამოცემის, წარმოების, დისტრიბუციის... თარიღი |
2009. |
| 300 ## - ფიზიკური აღწერა |
| Extent |
87 გვ. : |
| Dimensions |
20 სმ. |
| 501 ## - შენიშვნა თანმხლებ მასალაზე |
| With note |
დანართები: გვ. 79-82. |
| 504 ## - BIBLIOGRAPHY, ETC. NOTE |
| Bibliography, etc |
ბიბლიოგრ.: გვ. 84. |
| 653 ## - INDEX TERM--UNCONTROLLED |
| Uncontrolled term |
მასალათა გამძლეობა |
| 653 ## - INDEX TERM--UNCONTROLLED |
| Uncontrolled term |
სახელმძღვანელოები უმაღლესი სასწავლებლებისათვის |
| 700 ## - ADDED ENTRY--PERSONAL NAME |
| Personal name |
კვარაცხელია, ა |
| 9 (RLIN) |
6657 |
| 700 ## - ADDED ENTRY--PERSONAL NAME |
| Personal name |
მაძაღუა, ზ |
| 9 (RLIN) |
14247 |
| 710 ## - ADDED ENTRY--CORPORATE NAME |
| Corporate name or jurisdiction name as entry element |
საქართველოს ტექნიკური უნივერსიტეტი |
| 9 (RLIN) |
14248 |
| 942 ## - ADDED ENTRY ELEMENTS (KOHA) |
| Source of classification or shelving scheme |
|
| Koha item type |
წიგნი |